000 00347nam a2200145Ia 4500
008 150201s2010 xx 000 0 und d
082 _a618.92
_bE10M
100 _aMARCDANK, KAREN
245 _aNELSON ESSENTIALS OF PEDIATRICS
250 _a6TH
260 _bELSEVIER
_aDELHI
_c2010
300 _a1-831
650 _aPAEDIATRICS
942 _2ddc
_cBK
999 _c1310
_d1310